| 000 | 00404nam a2200133Ia 4500 | ||
|---|---|---|---|
| 008 | 220217s9999||||xx |||||||||||||| ||und|| | ||
| 020 | _a978-81-265-2023-7 | ||
| 082 | _a621.381 73 ROY | ||
| 100 |
_aRoy, Kaushik and Prasad, Sharat, C _96690 |
||
| 245 | 0 | _aLow power CMOS VLSI circuit design | |
| 260 |
_aJohn wiely & sons Inc. _bNew Delhi _c2010 |
||
| 300 |
_aXV, 359p. _b449 |
||
| 650 | _aCIRCUITRY | ||
| 999 |
_c179436 _d179436 |
||